Statistics for Europe General Knowledge #3

Click here to take the quiz!

General Stats

  • This quiz has been taken 71 times
  • The average score is 8 of 20

Answer Stats

Hint Answer % Correct
What kind of an amusement ride is the London Eye?Ferris wheel
86%
Where can you find the Black Forest?In Germany
79%
What was Giovan Maria Salati (and Matthew Webb) the first one to swim across?The English Channel
70%
Whose friend is Christopher Robin?Winnie-the-Pooh's
67%
Where did Charlie Bucket and his grandfather go after finding a golden ticket?The Wonka chocolate factory
63%
What composition by Johann Strauss II is inspired by a river?The Blue Danube
61%
What carmaker owns the Transparent Factory (Gläserne Manufaktur) in Dresden?Volkswagen
56%
What is azbuka?The Cyrillic script
49%
What natural disaster did Pliny the Younger famously write about?The eruption of Mount Vesuvius
49%
What were purportedly the last words of Julius Caesar?Et tu, Brute?
47%
In what month did the Great October Socialist Revolution took place by the Gregorian calendar?In November
44%
Bokmål is one of the official written standarts for what language?Norwegian
33%
What is the name of a significant postmodern author whose most famous book is called The Name of the Rose?Umberto Eco
31%
Whose friends are Rosencrantz and Guildenstern?Hamlet's
31%
What preeminent book is divided into three parts: Inferno, Purgatorio and Paradiso?Divine Comedy
31%
Pope who initiated the First CrusadeUrban II
20%
What revolution caused the abdication of Tsar Nicholas II and the end of the Russian Empire in March 1917?The February Revolution
10%
Who starred in the movies about Fantomas or gendarmes, usually portraying choleric characters?Louis de Funès
9%
What city did the gendarmes from the movies with the actor above serve in?Saint-Tropez
6%
Where is the Hill of Crosses?Lithuania
3%

Score Distribution

Percentile by Number Answered

Percent of People with Each Score

Your Score History

You have not taken this quiz